[Event "FICGS class E 000002 email"]
[Site "FICGS email"]
[Date "2006.04.15"]
[Round "1"]
[White "Durnez, Quentin"]
[Black "West, Graham"]
[Result "1-0"]
[WhiteElo "1400"]
[BlackElo "1400"]
[PlyCount "37"]
[EventDate "2006.??.??"]
[EventType "tourn (corr)"]
[EventRounds "5"]
[SourceTitle "Corr 2022"]
[Source "ChessBase"]
[SourceDate "2021.10.24"]
[SourceVersion "1"]
[SourceVersionDate "2021.10.24"]
[SourceQuality "1"]

1. e4 e5 2. Nf3 Nf6 3. Nc3 d6 4. Bc4 Bg4 5. h3 Bh5 6. d3 Be7 7. Be3 0-0 8. Nd5 h6 9. Qd2 c6 10. Nxe7+ Qxe7 11. g4 Bg6 12. g5 hxg5 13. Bxg5 Nbd7 14. 0-0-0 Nb6 15. Bb3 Rfe8 16. Nh4 Bh7 17. f4 a5 18. Qg2 a4 19. Bh6 1-0

[Event "IECG CC.2005.0.00123 email"]
[Site "IECG email"]
[Date "2005.10.09"]
[Round "?"]
[White "Bame, Bill"]
[Black "West, Graham"]
[Result "0-1"]
[WhiteElo "1645"]
[BlackElo "1600"]
[PlyCount "42"]
[EventDate "2005.10.09"]
[EventType "tourn (corr)"]
[EventRounds "6"]
[SourceTitle "Corr 2008"]
[Source "ChessBase"]
[SourceDate "2008.06.24"]
[SourceVersion "1"]
[SourceVersionDate "2008.06.24"]
[SourceQuality "1"]

1. e4 c5 2. Nf3 d6 3. Bc4 Nf6 4. c3 e6 5. d4 Nxe4 6. Nbd2 Nxd2 7. Bxd2 Be7 8. 0-0 Nc6 9. Re1 cxd4 10. cxd4 d5 11. Bb3 0-0 12. Qc2 Bd7 13. Ng5 Bxg5 14. Bc3 Rc8 15. Rad1 a6 16. Qd3 Bf6 17. Bc2 g6 18. Bd2 Bxd4 19. Bh6 Bxf2+ 20. Kxf2 Qh4+ 21. Kg1 Qxh6 0-1

[Event "IECG CC.2005.0.00123 email"]
[Site "IECG email"]
[Date "2005.10.09"]
[Round "?"]
[White "Sulis, Giovanni"]
[Black "West, Graham"]
[Result "1-0"]
[WhiteElo "1719"]
[BlackElo "1600"]
[PlyCount "37"]
[EventDate "2005.10.09"]
[EventType "tourn (corr)"]
[EventRounds "6"]
[SourceTitle "Corr 2008"]
[Source "ChessBase"]
[SourceDate "2008.06.24"]
[SourceVersion "1"]
[SourceVersionDate "2008.06.24"]
[SourceQuality "1"]

1. c4 e5 2. g3 Nf6 3. Bg2 c6 4. d4 exd4 5. Qxd4 d5 6. Nf3 Be7 7. cxd5 cxd5 8. 0-0 Nc6 9. Qa4 0-0 10. Nc3 Qb6 11. Qb5 Bc5 12. Qxb6 Bxb6 13. Bg5 Be6 14. Bxf6 gxf6 15. Rfd1 Rad8 16. Ne1 d4 17. Na4 Bc7 18. Nc5 Bc8 19. Rac1 1-0

[Event "IECC M-5337"]
[Site "IECC email"]
[Date "2005.10.06"]
[Round "?"]
[White "Arnaud, Mike"]
[Black "West, Graham"]
[Result "0-1"]
[WhiteElo "1335"]
[BlackElo "1482"]
[PlyCount "58"]
[EventDate "2005.??.??"]
[EventType "tourn (corr)"]
[EventRounds "10"]
[SourceTitle "Corr 2008"]
[Source "ChessBase"]
[SourceDate "2008.06.24"]
[SourceVersion "1"]
[SourceVersionDate "2008.06.24"]
[SourceQuality "1"]

1. e4 c5 2. b4 cxb4 3. Bb2 Nc6 4. Bc4 e6 5. Qf3 Qc7 6. Ne2 Ne5 7. Bxe5 Qxc4 8. 0-0 d6 9. d3 Qa6 10. Bb2 Ne7 11. Nd2 Ng6 12. Ng3 e5 13. a3 bxa3 14. Rxa3 Qc6 15. Rc3 Qd7 16. Nc4 b5 17. Ne3 Be7 18. Nef5 0-0 19. Qg4 b4 20. Rxc8 Qxc8 21. Qxg6 hxg6 22. Nxe7+ Kh8 23. Nxc8 Rfxc8 24. Rc1 a5 25. Ne2 a4 26. c4 a3 27. Ba1 b3 28. Rb1 b2 29. Bxb2 axb2 0-1

[Event "IECC M-5337"]
[Site "IECC email"]
[Date "2005.10.06"]
[Round "?"]
[White "West, Graham"]
[Black "Arnaud, Mike"]
[Result "1/2-1/2"]
[WhiteElo "1490"]
[BlackElo "1327"]
[PlyCount "48"]
[EventDate "2005.??.??"]
[EventType "tourn (corr)"]
[EventRounds "10"]
[SourceTitle "Corr 2008"]
[Source "ChessBase"]
[SourceDate "2008.06.24"]
[SourceVersion "1"]
[SourceVersionDate "2008.06.24"]
[SourceQuality "1"]

1. d4 Nf6 2. c4 e6 3. Nf3 Bb4+ 4. Bd2 Qe7 5. Nc3 Bxc3 6. Bxc3 Ne4 7. Qc2 Nxc3 8. Qxc3 Nc6 9. g3 Qb4 10. Rc1 Qxc3+ 11. Rxc3 d6 12. Bg2 Bd7 13. 0-0 Rb8 14. d5 Ne7 15. e4 0-0 16. Bh3 f5 17. Nd4 e5 18. Ne6 fxe4 19. Kg2 Rfc8 20. Ng5 Bxh3+ 21. Kxh3 Nf5 22. Nxe4 Nd4 23. Re1 Rf8 24. Kg2 b6 1/2-1/2

[Event "IECC CL5-2001.16"]
[Site "IECC email"]
[Date "2001.06.07"]
[Round "?"]
[White "Winkel, Bjarne"]
[Black "West, Graham"]
[Result "1-0"]
[WhiteElo "1589"]
[BlackElo "1574"]
[PlyCount "39"]
[EventDate "2001.??.??"]
[EventType "tourn (corr)"]
[EventRounds "4"]
[SourceTitle "Corr 2008"]
[Source "ChessBase"]
[SourceDate "2008.06.24"]
[SourceVersion "1"]
[SourceVersionDate "2008.06.24"]
[SourceQuality "1"]

1. e4 c6 2. d4 d5 3. e5 Bf5 4. Be2 e6 5. c3 Nd7 6. Nf3 h6 7. 0-0 c5 8. Qa4 a6 9. Be3 b5 10. Qd1 Qc7 11. Nbd2 Ne7 12. dxc5 Nxc5 13. Bxc5 Qxc5 14. Nb3 Qc7 15. a4 bxa4 16. Nbd4 Bg4 17. Qxa4+ Kd8 18. Nb5 Qd7 19. Qa5+ Kc8 20. Nd6+ 1-0

[Event "IECC M email"]
[Site "IECC email"]
[Date "1998.11.26"]
[Round "?"]
[White "Augustus, Jeff"]
[Black "West, Graham"]
[Result "1-0"]
[WhiteElo "1601"]
[BlackElo "1594"]
[PlyCount "105"]
[EventDate "1998.??.??"]
[EventType "tourn (corr)"]
[EventRounds "12"]
[SourceTitle "Corr 2008"]
[Source "ChessBase"]
[SourceDate "2008.06.24"]
[SourceVersion "1"]
[SourceVersionDate "2008.06.24"]
[SourceQuality "1"]

1. e4 d5 2. exd5 Qxd5 3. Nc3 Qa5 4. g3 Nf6 5. Bg2 c6 6. Nge2 Bf5 7. 0-0 Nbd7 8. d4 e6 9. Nf4 Be7 10. Re1 Qd8 11. Bf3 0-0 12. g4 Bg6 13. Nxg6 hxg6 14. Bf4 Nd5 15. Nxd5 exd5 16. Qd2 Re8 17. b3 Qb6 18. a3 Nf6 19. b4 a5 20. Rab1 axb4 21. axb4 Kf8 22. b5 c5 23. g5 Ne4 24. Bxe4 dxe4 25. Rxe4 cxd4 26. Qxd4 Bc5 27. Rxe8+ Rxe8 28. Qd2 Rd8 29. Qe2 Re8 30. Qf3 Ra8 31. Qe2 Re8 32. Qf3 Ra8 33. c4 Ra3 34. Qe2 Kg8 35. Rd1 Ra8 36. Rd7 Rc8 37. Bc7 Qa7 38. Bd8 Qb8 39. Qe8+ Kh7 40. Qxf7 Qe5 41. Rd3 Qe1+ 42. Kg2 Qe4+ 43. Qf3 Qxf3+ 44. Kxf3 b6 45. Rd7 Kg8 46. h3 Ra8 47. Be7 Rc8 48. Bxc5 Rxc5 49. Rd6 Rxc4 50. Rxb6 Rb4 51. Rb7 Ra4 52. b6 Ra3+ 53. Ke4 1-0

[Event "IECC M email"]
[Site "IECC email"]
[Date "1998.11.26"]
[Round "?"]
[White "West, Graham"]
[Black "Augustus, Jeff"]
[Result "1/2-1/2"]
[WhiteElo "1603"]
[BlackElo "1635"]
[PlyCount "144"]
[EventDate "1998.??.??"]
[EventType "tourn (corr)"]
[EventRounds "12"]
[SourceTitle "Corr 2008"]
[Source "ChessBase"]
[SourceDate "2008.06.24"]
[SourceVersion "1"]
[SourceVersionDate "2008.06.24"]
[SourceQuality "1"]

1. d4 g6 2. Nf3 Bg7 3. e4 d6 4. c3 Nf6 5. Bd3 0-0 6. 0-0 c5 7. h3 cxd4 8. Nxd4 e5 9. Nf3 d5 10. Nbd2 Nc6 11. Re1 Be6 12. Ng5 Rc8 13. Nxe6 fxe6 14. exd5 exd5 15. Nb3 Qb6 16. Bd2 e4 17. Bc2 Kh8 18. Be3 Qa6 19. Nc5 Qb5 20. Ne6 Rfe8 21. Nxg7 Kxg7 22. Bb3 Re7 23. Bg5 Rd8 24. Qd2 Re5 25. Bh6+ Kf7 26. Qf4 Rf5 27. Qc7+ Rd7 28. Qg3 Na5 29. Qb8 Nxb3 30. axb3 Qxb3 31. Qxa7 Qxb2 32. Qd4 Rc7 33. Rec1 Qb5 34. Rd1 Qc6 35. Bd2 Ne8 36. Rac1 Nd6 37. Qh8 Rh5 38. Bf4 Rc8 39. Qd4 Nb5 40. Qe3 Rf5 41. g4 Rf6 42. Be5 Re6 43. Bd4 Kg8 44. Qh6 Re7 45. Qg5 Rf7 46. Qe5 Nxd4 47. Rxd4 Rcf8 48. Rxd5 Rxf2 49. Qxe4 R2f3 50. Rd4 Qc7 51. Qd5+ Kh8 52. Qd6 Qf7 53. Qe5+ Kg8 54. Qd5 Qxd5 55. Rxd5 Rxh3 56. Rd4 Rf7 57. c4 Rhf3 58. Re1 Kg7 59. Kg2 Rf2+ 60. Kg1 Kh6 61. Re5 R2f4 62. Rxf4 Rxf4 63. g5+ Kh5 64. Rb5 Rf7 65. Kg2 Kg4 66. Rd5 b6 67. Rb5 Rb7 68. c5 Kf4 69. cxb6 Ke4 70. Kg3 Kd4 71. Kf4 Kc4 72. Re5 Rxb6 1/2-1/2

[Event "IECC M email"]
[Site "IECC email"]
[Date "1998.11.26"]
[Round "?"]
[White "West, Graham"]
[Black "Cook, Alex"]
[Result "1-0"]
[WhiteElo "1614"]
[BlackElo "1542"]
[PlyCount "51"]
[EventDate "1998.??.??"]
[EventType "tourn (corr)"]
[EventRounds "12"]
[SourceTitle "Corr 2008"]
[Source "ChessBase"]
[SourceDate "2008.06.24"]
[SourceVersion "1"]
[SourceVersionDate "2008.06.24"]
[SourceQuality "1"]

1. d4 d5 2. Nf3 f5 3. Bf4 Nf6 4. Nbd2 Nc6 5. c3 e6 6. e3 a6 7. h3 b5 8. a3 h5 9. Be2 Be7 10. Ne5 Nxe5 11. dxe5 Nd7 12. Bxh5+ Kf8 13. g4 Nc5 14. Qe2 Bb7 15. Rg1 c6 16. b4 Na4 17. Rc1 c5 18. gxf5 exf5 19. e6 c4 20. Bf7 Qb6 21. Be5 Bf6 22. Bxf6 gxf6 23. Qf3 Nb2 24. Qxf5 Nd3+ 25. Kf1 Nxc1 26. Qxf6 1-0

[Event "IECC CL4-1998.08"]
[Site "IECC email"]
[Date "1998.01.25"]
[Round "?"]
[White "West, Graham"]
[Black "Samsel, Michael"]
[Result "1-0"]
[WhiteElo "1561"]
[BlackElo "1651"]
[PlyCount "83"]
[EventDate "1998.??.??"]
[EventType "tourn (corr)"]
[EventRounds "4"]
[SourceTitle "Corr 2008"]
[Source "ChessBase"]
[SourceDate "2008.06.24"]
[SourceVersion "1"]
[SourceVersionDate "2008.06.24"]
[SourceQuality "1"]

1. d4 f5 2. c4 Nf6 3. Nc3 g6 4. g3 Bg7 5. Bg2 0-0 6. Nf3 d6 7. d5 Na6 8. 0-0 Nc5 9. Rb1 e5 10. dxe6 Bxe6 11. b3 c6 12. Bb2 Qd7 13. Ng5 Rae8 14. Nxe6 Rxe6 15. Qc2 Nce4 16. Nxe4 Nxe4 17. f3 Bxb2 18. Rxb2 Nf6 19. e4 fxe4 20. Bh3 e3 21. Re1 Rfe8 22. Qc1 d5 23. Bxe6+ Qxe6 24. Rbe2 d4 25. Qc2 Rd8 26. Qd3 Qf5 27. Qxf5 gxf5 28. Rd1 c5 29. Rxe3 Nd5 30. Red3 Nb4 31. R3d2 Re8 32. a3 Nc6 33. Kf2 Kf7 34. f4 a6 35. Re2 Rxe2+ 36. Kxe2 Ne7 37. Kd3 Nc8 38. Re1 Nd6 39. Re5 b6 40. b4 b5 41. Rxc5 bxc4+ 42. Rxc4 1-0